• 首页
  • 本馆介绍
  • 公告通知
  • 最新文献
  • 馆藏检索
  • 电子资源
  • 读者导购
  • 参考咨询
  • 我的图书馆
  • 登录
  • 详细信息显示
  • 放入我的书架
  • 预约/预借图书
  • 作者相关作品
  • 分类相关作品
  • 丛书相关作品
  • 出版社相关作品

书目信息

  • 表格格式
  • 工作单格式
  • 卡片格式
题名:
首都法学教育研究
    
 
作者: 陈寒非 主编
分册: 9  
出版信息: 北京   对外经济贸易大学出版社  2020
页数: 165页
开本: 24cm
丛书名:
单 册:
中图分类: D92-4
科图分类:
主题词: 法学教育--研究--中国
电子资源:
ISBN: 978-7-5663-2238-8
000 00849nam0 2200229 450
001 0105339599
005 20210603143323.0
010    @a978-7-5663-2238-8@dCNY50.00
100    @a20210408d2020 em y0chiy0120 ea
101 0  @achi
102    @aCN@b110000
105    @ay z 000yy
106    @ar
200 1  @a首都法学教育研究@9Shou Dou;Du Fa Xue Jiao Yu;Yo Yan Jiu @f陈寒非主编@h9@b专著
210    @a北京@c对外经济贸易大学出版社@d2020
215    @a165页@d24cm
330    @a本书共分四部分,包括教学方法探索、课程教学改革、法律诊所教育、研究生教育与培养。收录了《论刑法课堂教学中法律思维的培养》《本科生国际私法双语课程教学改革路径研究》《商标纠纷调解法律诊所教学》等文章。
606 0  @a法学教育@x研究@y中国
690    @aD92-4@v5
701  0 @a陈寒非@f(1984~)@4主编@9chen han fei
801  0 @aCN@bAZmarc@c20230905
905    @aBZT@dD92@e42@f1@sD92/42
    
    首都法学教育研究/陈寒非主编.9.-北京:对外经济贸易大学出版社,2020
    165页;24cm
    
    
    ISBN 978-7-5663-2238-8:CNY50.00
    本书共分四部分,包括教学方法探索、课程教学改革、法律诊所教育、研究生教育与培养。收录了《论刑法课堂教学中法律思维的培养》《本科生国际私法双语课程教学改革路径研究》《商标纠纷调解法律诊所教学》等文章。
●
相关链接 在五车中查询图书 在当当中查询图书 在豆瓣中查询图书


正题名:首都法学教育研究     索取号:D92/42         预约/预借

序号 登录号 条形码 馆藏地/架位号 状态 备注
1 2000003971   2000003971   旧书回溯/ [索取号:D92/42] 在馆    
山东省滨州职业学院图书馆 欢迎您!
大连网信软件有限公司© 版权所有